Developing enterpreneurship: a handbook (Record no. 344078)

000 -LEADER
fixed length control field 00400cam a22001337a 4500
008 - FIXED-LENGTH DATA ELEMENTS--GENERAL INFORMATION
fixed length control field 180718b1978 xxu||||| |||| 00| 0 eng d
082 ## - DEWEY DECIMAL CLASSIFICATION NUMBER
Classification number T19 D492
100 ## - MAIN ENTRY--PERSONAL NAME
Personal name Venkateswara Rao, T.
245 ## - TITLE STATEMENT
Title Developing enterpreneurship: a handbook
Statement of responsibility, etc. edited by T. Venkateswara Rao, Udai Parkeed
260 ## - PUBLICATION, DISTRIBUTION, ETC.
Place of publication, distribution, etc. Delhi
Name of publisher, distributor, etc. Learning Systems
Date of publication, distribution, etc. 1978
300 ## - PHYSICAL DESCRIPTION
Extent 372p.
650 ## - SUBJECT ADDED ENTRY--TOPICAL TERM
Topical term or geographic name entry element Enterpreneur
700 ## - ADDED ENTRY--PERSONAL NAME
Personal name Parkeed, Udai,
Holdings
Withdrawn status Lost status Damaged status Not for loan Permanent Location Current Location Date acquired Full call number Barcode Date last seen Price effective from Koha item type
        Indian Institute of Public Administration Indian Institute of Public Administration 1993-10-01 T19 D492 53900 2018-07-21 2018-07-21 Book

Powered by Koha